000 00675 a2200193 4500
999 _c3287
_d3287
020 _a0495125687
050 _aQD31.2 WHI 2007
100 _aWhitten, Kenneth W.
_eauthor
245 _aChemistry /
_cKenneth W. Whitten, Raymond E. Davis, M. Larry Peck and George G. Stanley
250 _a8th ed.
264 _aBelmont, CA :
_bThomson Higher Education / Brooks Cole,
_cc2007
300 _axxxviii, 1066p., A30, E4, I29 :
_bill.
500 _aIncludes bibliographical references and index
650 _aChemistry
700 _aDavis, Raymond E.
_eauthor
700 _aPeck, M. Larry
_eauthor
700 _aStanley, George G.
_eauthor
942 _2lcc
_cBK
_e8th ed.
_h31.2
_iWHI
_kQD